Statistics for Before and After

Click here to take the quiz!

General Stats

  • This quiz has been taken 21 times
  • The average score is 8 of 15

Answer Stats

HintAnswer% Correct
Frankfurter in an airplane duelHot dog fight
95%
Seussian feline scores three goals in a football matchCat in the Hat trick
84%
Five global sporting event symbols around the 6th planet from the SunOlympic rings of Saturn
84%
Tabletop shakers in the form of a police weaponSalt and pepper spray
68%
Lunar expression for "happening rarely," with Armstrong and Aldrin's eventOnce in a blue moon landing
63%
Wooden baking tool in a children's party gameRolling pin the tail on the donkey
63%
Dorothy's path to Oz, in a traveling RVYellow brick road trip
63%
Quartet of superheroes plays famous Vivaldi concertoThe Fantastic Four Seasons
58%
Direct golf shot by more than a century of spotted dogsHole in one Hundred and One Dalmatians
53%
Jerusalem Muslim shrine to fast-paced guitar/drum musicDome of the Rock and roll
42%
Nut and candy snack for westward American pioneer routeThe Oregon Trail mix
42%
Magician's deception tactic used on prisonersSleight of hand cuffs
37%
Mary Poppins' medicine song with most of the Powerpuff Girls ingredientsA Spoonful of Sugar, spice, and everything nice
32%
"Fragmented" early morning expression in a sequel in a movie about monkeys gone globalCrack of Dawn of the Planet of the Apes
11%
Drinking container deemed a last minute failureWater bottle job
5%

Score Distribution

Percentile by Number Answered

Percent of People with Each Score

Your Score History

You have not taken this quiz